000 00755nam a22002295i 4500
001 176397
003 ES-MaACL
005 20230906220052.0
008 110113s1964 sp |||| | spa d
080 _a616.4
100 0 _aAlbeaux-Fernet, Michel.
_9144701
245 1 4 _aLas consultas diarias en endocrinología /
_cpor M. Albeux-Fernet ; versión española de H. Bozzi de Peláez.
260 _aBarcelona :
_bToray-Masson,
_cD. L. 1964.
300 _a148 p. ;
_c22 cm.
490 1 _aLas consultas diarias ;
_v1
500 _aÍndice.
650 0 4 _aEndocrinología.
_9144424
700 1 _aBozzi de Pélaez, H.
_9126139
830 0 _aLas consultas diarias ;
_v1
_9190025
852 _aES-MaACL
_jE-14030
_xOlim P-210-Ter
999 _c176397
_d176397